[Event "Muensterland Verbandsklasse-B 0203"]
[Site "Muensterland"]
[Date "2002.09.28"]
[Round "1.8"]
[White "Thiemann, Hermann"]
[Black "Emming, Benedikt"]
[Result "1/2-1/2"]
[WhiteElo "1581"]
[BlackElo "1712"]
[PlyCount "84"]
[EventDate "2002.09.28"]
[EventType "team"]
[EventRounds "9"]
[EventCountry "GER"]
[SourceTitle "EXT 2004"]
[Source "ChessBase"]
[SourceDate "2003.11.25"]
[SourceVersion "1"]
[SourceVersionDate "2003.11.25"]
[SourceQuality "1"]
[WhiteTeam "Raesfeld Erle"]
[BlackTeam "Suedlohn II"]
[WhiteTeamCountry "GER"]
[BlackTeamCountry "GER"]

1. c3 d5 2. d4 Bf5 3. Nf3 e6 4. Bf4 c5 5. dxc5 Bxc5 6. e3 Qb6 7. Qa4+ Nc6 8. Bb5 a6 9. Bxc6+ Qxc6 10. Qxc6+ bxc6 11. b4 Be7 12. Nd4 Bxb1 13. Rxb1 Kd7 14. 0-0 h5 15. h3 f6 16. Bh2 Nh6 17. Rfd1 e5 18. Ne2 Ke6 19. f4 Nf5 20. Kf2 Nd6 21. Rb3 g5 22. Rf1 gxf4 23. exf4 e4 24. Nd4+ Kd7 25. Ke2 Nb5 26. Bg1 Rhg8 27. Kf2 Nxd4 28. cxd4 f5 29. Bh2 Rab8 30. Rfb1 Rb6 31. a3 Rgb8 32. Ke2 a5 33. Rg3 axb4 34. axb4 Rxb4 35. Rxb4 Rxb4 36. Rg7 Rxd4 37. Rh7 h4 38. Bg1 Rc4 39. Bf2 Rc2+ 40. Ke1 Ke6 41. Rh6+ Kf7 42. Rh7+ Ke6 1/2-1/2